000 00864cam a22002893a 4500
001 1607
003 PGUSA
005 20140828083003.0
008 990101s1999||||xxu|||||s|||||000 1 eng d
040 _aPGUSA
_beng
042 _adc
050 4 _aPS
100 1 _aAstor, John Jacob,
_d1864-1912
245 1 2 _aA Journey in Other Worlds :
_bA Romance of the Future
_h[electronic resource] /
_cJohn Jacob Astor
260 _bProject Gutenberg,
_c1999
506 _aPublic domain in the USA.
516 _aElectronic text
653 _aSaturn (Planet) -- Fiction
653 _aJupiter (Planet) -- Fiction
653 _aSpace ships -- Fiction
653 _aUtopias -- Fiction
653 _aManned space flight -- Fiction
653 _aScience fiction
830 0 _aProject Gutenberg
_v1607
856 4 0 _uhttp://www.gutenberg.org/ebooks/1607
942 _cEB
999 _c230955
_d230955